| 000 | 00589nam a2200217Ia 4500 | ||
|---|---|---|---|
| 999 |
_c41216 _d41216 |
||
| 001 | 7868 | ||
| 003 | GE_BSU | ||
| 005 | 20220927153832.0 | ||
| 008 | 181216s1999en xx |||||||||||||| ||eng|| | ||
| 020 | _a0340646241 | ||
| 040 | _cGE_BSU | ||
| 041 | _aeng | ||
| 080 | _a811.111+80 V-41 | ||
| 100 |
_aVerschueren,Jef _914859 |
||
| 245 |
_aUnderstanding Pragmatics / _cJef Verschueren. |
||
| 264 |
_aLondon : _bArnold, _c1999. |
||
| 300 |
_a295 p.: _c22 cm. |
||
| 653 | _aUnderstanding Pragmatics | ||
| 653 | _aინგლისური გრამატიკა | ||
| 942 |
_cBK _2udc |
||